Största städerna på J i Nordamerika, enligt bild - Statistics

General Stats
  • This quiz has been taken 2 times
  • The average score is 7 of 20
Answer Stats
Picture Hint Answer % Correct
🇺🇸 150 000 Jackson
100%
🇺🇸 70 000 Jackson
100%
🇺🇸 970 000 Jacksonville
100%
🇺🇸 70 000 Jacksonville
100%
🇲🇽 1 500 000 {Juárez} (Ciudad {Juárez})
100%
🇺🇸 70 000 {Janes}ville
50%
🇺🇸 290 000 {Jersey} City
50%
🇺🇸 70 000 {Johnson} City
50%
🇲🇽 60 000 {Jacona} de Plancarte
0%
🇬🇹 160 000 Jalapa
0%
🇲🇽 80 000 {Jardines} de la Silla
0%
🇲🇽 60 000 Jesús María
0%
🇲🇽 170 000 Jiutepec
0%
🇺🇸 80 000 Johns {Creek}
0%
🇺🇸 150 000 Joliet
0%
🇺🇸 80 000 Jonesboro
0%
🇲🇽 90 000 {Juchitán} de Zaragoza (Heroica Ciudad de {Juchitán} de Zaragoza)
0%
🇺🇸 110 000 {Jurupa} Valley
0%
🇬🇹 150 000 Jutiapa
0%
🇭🇳 80 000 Juticalpa
0%
No matching quizzes found
Score Distribution
Percent of People with Each Score
Percentile by Number Answered
Your Score History
You have not taken this quiz